| 000 | 00551nam a2200193 a 4500 | ||
|---|---|---|---|
| 005 | 20231021063600.0 | ||
| 008 | 991125s1995 mad 000 0 spa u | ||
| 020 | _a8432130923 | ||
| 035 | _aUPN01000008904 | ||
| 049 | _aCG | ||
| 050 | 4 |
_aLB1049 _bC3.2 |
|
| 100 | 1 |
_aBernardo Carrasco, José _937129 |
|
| 245 | 1 | 0 |
_aCómo aprender mejor : _bestrategias de aprendizaje / _cJosé Bernardo Carrasco. |
| 260 |
_aMadrid : _bRialp, _c1995. |
||
| 300 | _a152 p. | ||
| 440 | 0 | _aEducación y pedagogía | |
| 650 | 4 |
_aMétodos de estudio _94280 |
|
| 905 | _aLibro | ||
| 999 |
_c8904 _d8904 |
||